Normal view MARC view

Entry Topical Term

Number of records used in: 1

001 - CONTROL NUMBER

  • control field: 857470

003 - CONTROL NUMBER IDENTIFIER

  • control field: OSt

005 - DATE AND TIME OF LATEST TRANSACTION

  • control field: 20251217144608.0

008 - FIXED-LENGTH DATA ELEMENTS

  • fixed length control field: 251217|| aca||aabn | a|a d

040 ## - CATALOGING SOURCE

  • Original cataloging agency: OSt
  • Transcribing agency: OSt

150 ## - HEADING--TOPICAL TERM

  • Topical term or geographic name entry element: संस्कृत साहित्य

670 ## - SOURCE DATA FOUND

  • Source citation: Work cat.: (OSt)310765: व्यास, शान्तिकुमार नानूराम 156286, रामायणकालीन संस्कृति* वाल्मीकि-रामायण में चित्रित आचार-विचार, कला,साहित्य, विज्ञान, धर्म और दर्शन का अघ्ययन, 1965
Copyright @ Delhi University Library System